LIBRARY & INFORMATION CENTRE, KCAET, TAVANUR

ONLINE PUBLIC ACCESS CATALOGUE (OPAC)

Soil fertility and fertilizers / (Record no. 9477)

MARC details
000 -LEADER
fixed length control field 00458cam a2200169ua 4500
020 ## - INTERNATIONAL STANDARD BOOK NUMBER
ISBN 81 203 0975 8
082 ## - DEWEY DECIMAL CLASSIFICATION NUMBER
Classification number 631.42
Item number TIS/SO
100 ## - MAIN ENTRY--AUTHOR NAME
Personal name Tisdale, Samuel L .
245 ## - TITLE STATEMENT
Title Soil fertility and fertilizers /
250 ## - EDITION STATEMENT
Edition statement 5 / 7th Indian
260 ## - PUBLICATION, DISTRIBUTION, ETC. (IMPRINT)
Place of publication New Delhi :
Name of publisher Prentice Hall of India Pvt Ltd. ,
Year of publication 1997.
300 ## - PHYSICAL DESCRIPTION
Number of Pages 634 ; .
700 1# - ADDED ENTRY--PERSONAL NAME
Personal name Beaton , James D .
700 1# - ADDED ENTRY--PERSONAL NAME
Personal name Havlin , John L .
700 1# - ADDED ENTRY--PERSONAL NAME
Personal name Nelson , Werner L .
942 ## - ADDED ENTRY ELEMENTS (KOHA)
Koha item type Books

No items available.

free website counter